000 01360cam a2200229 4500500
005 20260111093718.0
041 _afre
042 _adc
100 1 0 _aChateauraynaud, Francis
_eauthor
700 1 0 _aDeltour, Antoine
_eauthor
700 1 0 _aVasseur, Flore
_eauthor
700 1 0 _aBujon, Anne-Lorraine
_eauthor
700 1 0 _aDecoster, Juliette
_eauthor
700 1 0 _aSchmid, Lucile
_eauthor
245 0 0 _aL’alerte, un enjeu démocratique ?
260 _c2019.
500 _a62
520 _aLes participants soulignent que lancer l’alerte est un geste démocratique important, mais s’opposent entre les défenseurs du simple citoyen qui sacrifie son intérêt particulier pour l’intérêt général et ceux qui valorisent les réseaux collectifs de défense des biens communs. Tous insistent sur le contexte de faillite des espaces traditionnels de la critique.
520 _aContributors underline that whistleblowing is a significant democratic gesture, but differ on whether it refers to individuals sacrificing their particular interests for the general interest or to collective networks promoting commons. All insist on a context of failed traditional critical spaces.
786 0 _nEsprit | Avril | 4 | 2019-03-29 | p. 57-70 | 0014-0759
856 4 1 _uhttps://shs.cairn.info/revue-esprit-2019-4-page-57?lang=fr&redirect-ssocas=7080
999 _c1627071
_d1627071